Kšeft

Najnovšia knižka Víťa Staviarskeho Kšeft pozostáva z troch častí, ktoré spája prostredie jarmočného obchodu. V prvej časti Kšeft autor šťavnatým a vtipným spôsobom opisuje svoje zážitky z obchodných ciest. Novely Markova dcéra a Loli paradička sú realistickými sondami do života jarmočných obchodníko...

Full description

Bibliographic Details
Main Author: Staviarsky, Víťo, 1960- (Author)
Format: Braille Book
Language:Slovak
PhysicalDescription:3 zv. v Braillovom písme 26 x 31 cm
Published: Levoča Slovenská knižnica pre nevidiacich Mateja Hrebendu 2020
ISBN:9788018089996
Subjects:

MARC

LEADER 00000cam a2200000 a 4500
001 vtls011984241
003 SK-MaSNL
005 20260301190504.0
007 fb a un a
008 240318s2020 xo ff 000 j slo
015 |a SNBK2020 
020 |a 9788018089996 
040 |a SNK  |b slo  |c SNK  |e AACR2 
041 0 |a slo 
044 |a xo  |c SK 
072 7 |a 821.162.4-3  |x Slovenská próza  |2 konspekt 
080 |a 821.162.4-32  |2 2011 
080 |a (0:003.24)  |2 2011 
080 |a (0:82-32)  |2 2011 
100 1 |a Staviarsky, Víťo,  |d 1960-  |4 aut  |9 110066 
245 1 0 |a Kšeft  |h Braillovo písmo  |c Viťo Staviarsky ; [korektor: Želmíra Zemčáková] 
260 |a Levoča  |b Slovenská knižnica pre nevidiacich Mateja Hrebendu  |c 2020 
300 |a 3 zv. v Braillovom písme  |c 26 x 31 cm 
520 8 |a Najnovšia knižka Víťa Staviarskeho Kšeft pozostáva z troch častí, ktoré spája prostredie jarmočného obchodu. V prvej časti Kšeft autor šťavnatým a vtipným spôsobom opisuje svoje zážitky z obchodných ciest. Novely Markova dcéra a Loli paradička sú realistickými sondami do života jarmočných obchodníkov 
655 7 |a publikácie pre nevidiacich  |2 SNKPH  |9 70695 
655 7 |a publikácie v Braillovom písme  |2 SNKPH  |9 222610 
655 7 |a slovenské novely  |2 SNKPH  |9 70570 
700 1 |a Zemčáková, Želmíra,  |d 1975-  |4 pfr  |9 190370 
787 0 8 |i Podľa knihy:  |t Kšeft  |d [Prešov] : Staviarsky production s.r.o., 2019  |z 978-80-973379-0-2 
919 |a 978-80-18-08999-6 
958 |a SX 
958 |a LX 
999 |c 867691  |d 869621 
952 |a SNK  |b SNK  |y PREZ  |7 0  |p 17A1444181  |o snkOSB 20090/1  |i snk2020/17490  |8 0  |0 0  |1 0  |4 0  |d 2020-09-30  |l 0  |r 2026-02-24 05:32:16  |w 2026-02-24 
952 |a SNK  |b SNK  |y PREZ  |7 0  |p 17A1444182  |o snkOSB 20090/2  |i snk2020/17491  |8 0  |0 0  |1 0  |4 0  |d 2020-09-30  |l 0  |r 2026-02-24 05:32:16  |w 2026-02-24 
952 |a SNK  |b SNK  |y PREZ  |7 0  |p 17A1444180  |o snkOSB 20090/3  |i snk2020/17492  |8 0  |0 0  |1 0  |4 0  |d 2020-09-30  |l 0  |r 2026-02-24 05:32:16  |w 2026-02-24